Score 0/9 Timer 01:00
7 Plays Today
Hint Answer % Correct
This grows on the top of your headHAIR
99.8%
Sum of money exchanged for the release of an arrested personBAIL
94.2%
Free from bias, dishonesty, or injusticeFAIR
90.6%
Farm building used for storing materials or for housing livestockBARN
90%
Fall shortFAIL
88.7%
Last name of actor who played Batman in The Dark KnightBALE
84.7%
Like a skinny-dipperBARE
82.8%
Kind of eagle associated with the USBALD
80.5%
French word meaning 'bath'BAIN
79.2%

Today's Daily Dose

Remove Ads.
Support Sporcle.
Get the best of Sporcle when you Go Orange. This ad-free experience offers more features, more stats, and more fun while also helping to support Sporcle. Thank you for becoming a member.

You're not logged in!

Compare scores with friends on all Sporcle quizzes.
OR
Log In

Show Comments

Extras

Top Quizzes Today


Score Distribution

Your Account Isn't Verified!

In order to create a playlist on Sporcle, you need to verify the email address you used during registration. Go to your Sporcle Settings to finish the process.

Report this User

Report this user for behavior that violates our Community Guidelines.

Details: